00000000nam##2200000za#4500
0019.697776
003CaOODSP
00520210624235630
007cr |||||||||||
008150407|1999||||xxc|||||o    f|0| 0 eng|d
040 |aCaOODSP|beng
043 |an-cn---
0861 |aRH64-35/1999E-PDF
1101 |aCanada.|bHuman Resources Development Canada. |bStrategic Policy.
24510|aStrategic initiatives - summative evaluation of Career Services - Saskatchewan / |h[electronic resource]|c[by] Evaluation and Data Development.
260 |aOttawa - Ontario : |bHuman Resources Development Canada. |cMarch 1999.
300 |a52p.|bfig., tables
504 |aBibliography.
590 |a13-12-Supp|b2013-05-10
69007|aFederal programs|2gcpds
69007|aProfessional development|2gcpds
77508|tInitiatives stratégiques - évaluation sommative des Services d'orientation professionnelle-Saskatchewan / |w(CaOODSP)9.641821
85640|ahttp://publications.gc.ca|qPDF|s275 KB|uhttps://publications.gc.ca/collections/collection_2013/rhdcc-hrsdc/RH64-35-1999-eng.pdf
986 |aSP-AH099-03-99E